| 000 | 00368nam a2200133Ia 4500 | ||
|---|---|---|---|
| 008 | 240624s9999 xx 000 0 und d | ||
| 041 | _aeng | ||
| 082 | _a658.40355 STE | ||
| 100 | _aSTEVENSON HOWARD H | ||
| 245 | _aDO LUNCH OR BE LUNCH THE POWER OF PREDIC | ||
| 260 |
_c1998 _aBoston _bHarvard Businesss School Press |
||
| 300 | _axvii, : 294p. ; 24cm. | ||
| 365 |
_c _b25 |
||
| 999 |
_c4300 _d4300 |
||